[Event "II Torneo Internacional Femenino Gran Hotel Bali "
[Site "Benidorm (Alicante - SPAIN)"]
[Date "2011.12.09"]
[Round "6"]
[Board "1"]
[White "Collado Barbas, Laura"]
[Black "Rudolf, Anna"]
[Result "0-1"]
[WhiteElo "2078"]
[BlackElo "2347"]
[PlyCount "0"]
[EventDate "2011.12.05"]
[EventRounds "9"]
[EventCountry "ESP"]

1. d4 { [%clk 1:30] } Nf6 { [%clk 1:27] } 2. c4 { [%clk 1:31] } b6 { [%clk
1:27] } 3. Nc3 { [%clk 1:29] } Bb7 { [%clk 1:27] } 4. Qc2 { [%clk 1:27] } d5 {
[%clk 1:27] } 5. cxd5 { [%clk 1:21] } Nxd5 { [%clk 1:27] } 6. Nxd5 { [%clk
1:19] } Qxd5 { [%clk 1:28] } 7. Nf3 { [%clk 1:15] } e6 { [%clk 1:26] } 8. Bd2
{ [%clk 1:15] } Bd6 { [%clk 1:24] } 9. e3 { [%clk 1:10] } Nd7 { [%clk 1:24] }
10. Bd3 { [%clk 1:06] } Nf6 { [%clk 1:22] } 11. Qa4+ { [%clk 0:53] } Bc6 {
[%clk 1:16] } 12. Qc4 { [%clk 0:53] } Ne4 { [%clk 1:10] } 13. Qxd5 { [%clk
0:41] } Bxd5 { [%clk 1:10] } 14. a3 { [%clk 0:38] } g5 { [%clk 1:06] } 15. h3
{ [%clk 0:27] } Ke7 { [%clk 1:01] } 16. Ke2 { [%clk 0:24] } h5 { [%clk 0:57] }
17. Bxe4 { [%clk 0:19.39] } Bxe4 { [%clk 0:56] } 18. Ne1 { [%clk 0:18.17] } g4
{ [%clk 0:50] } 19. f3 { [%clk 0:17.51] } gxf3+ { [%clk 0:50] } 20. gxf3 {
[%clk 0:18.06] } Bb7 { [%clk 0:50] } 21. e4 { [%clk 0:10.24] } Ba6+ { [%clk
0:44] } 22. Ke3 { [%clk 0:09.24] } c5 { [%clk 0:40] } 23. Nc2 { [%clk 0:03.35]
} Rhg8 { [%clk 0:30] } 24. Rag1 { [%clk 0:02.23] } Rad8 { [%clk 0:24] } 25. b4
{ [%clk 0:01.22] } Bg3 { [%clk 0:23] } 26. Bc3 { [%clk 0:00.48] } f5 { [%clk
0:18.34] } 27. bxc5 { [%clk 0:00.36] } bxc5 { [%clk 0:18.45] } 28. e5 { [%clk
0:00.37] } f4+ { [%clk 0:16.02] } 29. Kd2 { [%clk 0:00.45] } Bb7 { [%clk
0:10.37] } 30. Rf1 { [%clk 0:00.45] } Ba6 { [%clk 0:09.39] } 31. Rfg1 { [%clk
0:01.13] } Kf7 { [%clk 0:09.24] } 32. Kc1 { [%clk 0:01.29] } Be2 { [%clk
0:09.16] } 33. Ne1 { [%clk 0:00.46] } cxd4 { [%clk 0:09.21] } 34. Bd2 { [%clk
0:00.51] } Rd5 { [%clk 0:07.55] } 35. Bb4 { [%clk 0:00.39] } Rxe5 { [%clk
0:06.59] } 36. Kd2 { [%clk 0:00.42] } d3 { [%clk 0:02.06] } 37. Nxd3 { [%clk
0:00.38] } Rd8 0-1

[Event "II Torneo Internacional Femenino Gran Hotel Bali "
[Site "Benidorm (Alicante - SPAIN)"]
[Date "2011.12.09"]
[Round "6"]
[Board "1"]
[White "Aghabekian, Liana"]
[Black "Matnadze, Ana"]
[Result "0-1"]
[WhiteElo "2115"]
[BlackElo "2438"]
[PlyCount "0"]
[EventDate "2011.12.05"]
[EventRounds "9"]
[EventCountry "ESP"]

1. e4 { [%clk 1:30] } e5 { [%clk 1:30] } 2. Nf3 { [%clk 1:29] } Nc6 { [%clk
1:31] } 3. Bc4 { [%clk 1:30] } g6 { [%clk 1:30] } 4. d3 { [%clk 1:27] } Bg7 {
[%clk 1:30] } 5. Ng5 { [%clk 1:12] } Nh6 { [%clk 1:30] } 6. Nc3 { [%clk 1:11]
} Na5 { [%clk 1:30] } 7. h3 { [%clk 1:11] } Nxc4 { [%clk 1:30] } 8. dxc4 {
[%clk 1:11] } f6 { [%clk 1:28] } 9. Nf3 { [%clk 1:11] } Nf7 { [%clk 1:27] } 10.
Qd3 { [%clk 1:05] } d6 { [%clk 1:25] } 11. Be3 { [%clk 0:58] } Be6 { [%clk
1:25] } 12. O-O-O { [%clk 0:58] } f5 { [%clk 1:22] } 13. Kb1 { [%clk 0:57] }
O-O { [%clk 1:21] } 14. Bc1 { [%clk 0:50] } a6 { [%clk 1:21] } 15. Rhe1 {
[%clk 0:40] } c6 { [%clk 1:18] } 16. h4 { [%clk 0:36] } b5 { [%clk 1:17] } 17.
Ng5 { [%clk 0:24] } Bxc4 { [%clk 1:14] } 18. Nxf7 { [%clk 0:24] } Bxf7 { [%clk
1:12] } 19. Qxd6 { [%clk 0:20] } Qa5 { [%clk 1:09] } 20. a3 { [%clk 0:20] }
Rfd8 { [%clk 1:08] } 21. Qc5 { [%clk 0:19.16] } Bf8 { [%clk 1:05] } 22. Qxe5 {
[%clk 0:17.38] } Re8 { [%clk 1:05] } 23. Qf6 { [%clk 0:14.27] } Be7 { [%clk
0:58] } 24. Qd4 { [%clk 0:12.30] } Rad8 { [%clk 0:58] } 25. Qe3 { [%clk
0:10.33] } b4 { [%clk 0:57] } 26. e5 { [%clk 0:10.25] } Be6 { [%clk 0:54] } 27.
Na2 { [%clk 0:08.46] } bxa3 { [%clk 0:53] } 28. b3 { [%clk 0:09.06] } c5 {
[%clk 0:51] } 29. Bd2 { [%clk 0:05.24] } Qb5 { [%clk 0:50] } 30. h5 { [%clk
0:05.12] } c4 { [%clk 0:47] } 31. b4 { [%clk 0:04.41] } c3 { [%clk 0:45] } 32.
Bxc3 { [%clk 0:00.57] } Qc4 { [%clk 0:45] } 33. Nc1 { [%clk 0:01.16] } Rc8 {
[%clk 0:38] } 34. Rd3 { [%clk 0:00.47] } Bxb4 { [%clk 0:38] } 35. Nb3 { [%clk
0:00.33] } Bxc3 { [%clk 0:38] } 36. hxg6 { [%clk 0:00.38] } Bxe1 0-1

[Event "II Torneo Internacional Femenino Gran Hotel Bali "
[Site "Benidorm (Alicante - SPAIN)"]
[Date "2011.12.09"]
[Round "7"]
[Board "1"]
[White "Matnadze, Ana"]
[Black "Nicolas Zapata, Irene"]
[Result "1-0"]
[WhiteElo "2438"]
[BlackElo "2071"]
[PlyCount "0"]
[EventDate "2011.12.05"]
[EventRounds "9"]
[EventCountry "ESP"]

1. d4 { [%clk 1:30] } d5 { [%clk 1:30] } 2. c4 { [%clk 1:31] } Nf6 { [%clk
1:30] } 3. Nf3 { [%clk 1:31] } dxc4 { [%clk 1:25] } 4. g3 { [%clk 1:31] } c5 {
[%clk 1:25] } 5. Bg2 { [%clk 1:31] } Nc6 { [%clk 1:25] } 6. Qa4 { [%clk 1:30]
} cxd4 { [%clk 1:25] } 7. Nxd4 { [%clk 1:31] } Qxd4 { [%clk 1:25] } 8. Bxc6+ {
[%clk 1:31] } Bd7 { [%clk 1:24] } 9. Be3 { [%clk 1:30] } Qxb2 { [%clk 1:23] }
10. Bxd7+ { [%clk 1:31] } Nxd7 { [%clk 1:23] } 11. O-O { [%clk 1:31] } b5 {
[%clk 1:22] } 12. Qa5 { [%clk 1:30] } e6 { [%clk 1:22] } 13. Rd1 { [%clk 1:28]
} a6 { [%clk 1:20] } 14. Nc3 { [%clk 1:26] } Bb4 { [%clk 1:00] } 15. Qc7 {
[%clk 1:26] } O-O { [%clk 0:58] } 16. Rab1 { [%clk 1:12] } Qxc3 { [%clk 0:53]
} 17. Rxd7 { [%clk 1:12] } Ba5 { [%clk 0:51] } 18. Qb7 { [%clk 1:10] } Qf6 {
[%clk 0:48] } 19. Rbd1 { [%clk 1:04] } Rfb8 { [%clk 0:45] } 20. Qe4 { [%clk
1:02] } Rd8 { [%clk 0:43] } 21. Qc6 { [%clk 0:47] } Rdc8 { [%clk 0:38] } 22.
Ra7 { [%clk 0:47] } Rab8 { [%clk 0:35] } 23. Qxa6 { [%clk 0:46] } Bb4 { [%clk
0:33] } 24. Rb7 { [%clk 0:37] } Qe5 { [%clk 0:29] } 25. Rdd7 { [%clk 0:27] }
Rxb7 { [%clk 0:23] } 26. Rxb7 { [%clk 0:27] } Rd8 { [%clk 0:23] } 27. Qxb5 {
[%clk 0:26] } Rd1+ { [%clk 0:14.45] } 28. Kg2 { [%clk 0:26] } Qe4+ { [%clk
0:15.09] } 29. f3 { [%clk 0:26] } Qxe3 { [%clk 0:15.09] } 30. Qe8+ 1-0

[Event "II Torneo Internacional Femenino Gran Hotel Bali "
[Site "Benidorm (Alicante - SPAIN)"]
[Date "2011.12.09"]
[Round "7"]
[Board "1"]
[White "Rudolf, Anna"]
[Black "Aghabekian, Liana"]
[Result "1-0"]
[WhiteElo "2347"]
[BlackElo "2115"]
[PlyCount "0"]
[EventDate "2011.12.05"]
[EventRounds "9"]
[EventCountry "ESP"]

1. e4 { [%clk 1:30] } e5 { [%clk 1:30] } 2. Nf3 { [%clk 1:31] } Nc6 { [%clk
1:31] } 3. Bb5 { [%clk 1:31] } a6 { [%clk 1:31] } 4. Ba4 { [%clk 1:31] } Nf6 {
[%clk 1:31] } 5. O-O { [%clk 1:31] } b5 { [%clk 1:31] } 6. Bb3 { [%clk 1:31] }
Be7 { [%clk 1:31] } 7. d3 { [%clk 1:29] } O-O { [%clk 1:31] } 8. a4 { [%clk
1:28] } Bb7 { [%clk 1:30] } 9. Nc3 { [%clk 1:25] } b4 { [%clk 1:26] } 10. Nd5
{ [%clk 1:20] } a5 { [%clk 1:14] } 11. Nxe7+ { [%clk 1:15] } Qxe7 { [%clk
1:14] } 12. Bg5 { [%clk 1:15] } h6 { [%clk 1:15] } 13. Bh4 { [%clk 1:15] } d6
{ [%clk 1:12] } 14. c3 { [%clk 1:13] } Nb8 { [%clk 1:04] } 15. Nd2 { [%clk
1:11] } Nbd7 { [%clk 1:04] } 16. Nc4 { [%clk 1:10] } Nc5 { [%clk 1:00] } 17.
Ne3 { [%clk 1:09] } Nxb3 { [%clk 0:56] } 18. Qxb3 { [%clk 1:09] } Qe6 { [%clk
0:56] } 19. c4 { [%clk 1:04] } g6 { [%clk 0:33] } 20. Qd1 { [%clk 0:58] } c6 {
[%clk 0:23] } 21. Qd2 { [%clk 0:53] } Nd7 { [%clk 0:18.18] } 22. Rae1 { [%clk
0:51] } d5 { [%clk 0:13.47] } 23. exd5 { [%clk 0:50] } cxd5 { [%clk 0:13.54] }
24. Nxd5 { [%clk 0:49] } Bxd5 { [%clk 0:12.39] } 25. cxd5 { [%clk 0:49] } Qxd5
{ [%clk 0:11.28] } 26. Qxh6 { [%clk 0:49] } Ra6 { [%clk 0:10.05] } 27. Re3 {
[%clk 0:48] } Rfa8 { [%clk 0:09.26] } 28. Bg5 { [%clk 0:47] } Nf8 { [%clk
0:05.54] } 29. Be7 { [%clk 0:37] } f5 { [%clk 0:04.09] } 30. Rh3 { [%clk 0:35]
} Kf7 { [%clk 0:04.05] } 31. Qg5 { [%clk 0:33] } Re6 { [%clk 0:01.18] } 32.
Bxf8 { [%clk 0:32] } Rxf8 { [%clk 0:01.38] } 33. Rh7+ { [%clk 0:32] } Ke8 {
[%clk 0:02.06] } 34. Rc1 { [%clk 0:32] } Qd8 { [%clk 0:02.13] } 35. Qh6 {
[%clk 0:29] } e4 { [%clk 0:02.00] } 36. Rcc7 { [%clk 0:29] } Rg8 { [%clk
0:01.24] } 37. Qg7 1-0

[Event "II Torneo Internacional Femenino Gran Hotel Bali "
[Site "Benidorm (Alicante - SPAIN)"]
[Date "2011.12.09"]
[Round "7"]
[Board "1"]
[White "Aranaz Murillo, Amalia"]
[Black "Collado Barbas, Laura"]
[Result "1/2-1/2"]
[WhiteElo "2211"]
[BlackElo "2078"]
[PlyCount "0"]
[EventDate "2011.12.05"]
[EventRounds "9"]
[EventCountry "ESP"]

1. Nf3 { [%clk 1:30] } d5 { [%clk 1:30] } 2. g3 { [%clk 1:31] } Nf6 { [%clk
1:30] } 3. Bg2 { [%clk 1:31] } c5 { [%clk 1:29] } 4. c4 { [%clk 1:31] } e6 {
[%clk 1:29] } 5. O-O { [%clk 1:31] } Nc6 { [%clk 1:29] } 6. b3 { [%clk 1:30] }
Be7 { [%clk 1:26] } 7. Bb2 { [%clk 1:30] } d4 { [%clk 1:26] } 8. e3 { [%clk
1:28] } e5 { [%clk 1:23] } 9. exd4 { [%clk 1:27] } exd4 { [%clk 1:23] } 10. Na3
{ [%clk 1:24] } O-O { [%clk 1:11] } 11. d3 { [%clk 1:24] } Bg4 { [%clk 1:10] }
12. Qd2 { [%clk 1:22] } Qd7 { [%clk 0:59] } 13. Rfe1 { [%clk 1:20] } Rfe8 {
[%clk 0:53] } 14. Nc2 { [%clk 1:18] } a5 { [%clk 0:49] } 15. a3 { [%clk 1:14]
} Bf8 { [%clk 0:33] } 16. Rxe8 { [%clk 1:07] } Rxe8 { [%clk 0:30] } 17. b4 {
[%clk 1:05] } axb4 { [%clk 0:26] } 18. axb4 { [%clk 1:05] } Bxf3 { [%clk 0:23]
} 19. Bxf3 { [%clk 1:05] } Ne5 { [%clk 0:22] } 20. Bg2 { [%clk 1:04] } cxb4 {
[%clk 0:18.52] } 21. Rd1 { [%clk 0:53] } b5 { [%clk 0:15.56] } 22. cxb5 {
[%clk 0:51] } Qxb5 { [%clk 0:14.29] } 23. Nxd4 { [%clk 0:51] } Qb6 { [%clk
0:11.36] } 24. Nf5 { [%clk 0:49] } Qe6 { [%clk 0:07.49] } 25. Qg5 { [%clk
0:47] } g6 { [%clk 0:05.48] } 26. Nh6+ { [%clk 0:45] } Bxh6 { [%clk 0:05.47] }
27. Qxh6 { [%clk 0:46] } Neg4 { [%clk 0:05.26] } 28. Qd2 { [%clk 0:46] } Qd6 {
[%clk 0:01.04] } 29. Rc1 { [%clk 0:42] } Qe7 { [%clk 0:00.37] } 30. h3 { [%clk
0:40] } Ne5 { [%clk 0:00.47] } 31. Qe3 { [%clk 0:34] } Qd6 { [%clk 0:00.40] }
32. Qg5 { [%clk 0:24] } Kg7 { [%clk 0:00.41] } 33. Rd1 { [%clk 0:22] } h6 {
[%clk 0:00.48] } 34. Qd2 { [%clk 0:22] } Rd8 { [%clk 0:01.03] } 35. Bxe5 {
[%clk 0:23] } Qxe5 { [%clk 0:01.01] } 36. Qxb4 { [%clk 0:23] } Qe2 { [%clk
0:00.42] } 37. Qd2 { [%clk 0:23] } Qe6 { [%clk 0:00.39] } 38. Qe3 { [%clk
0:21] } Qd6 { [%clk 0:00.39] } 39. d4 { [%clk 0:21] } Re8 { [%clk 0:00.42] }
40. Qc3 { [%clk 0:20] } Kh7 { [%clk 0:00.39] } 41. d5 { [%clk 0:20] } Rd8 {
[%clk 0:00.41] } 42. Qc4 { [%clk 0:20] } Kg7 { [%clk 0:00.40] } 43. Qd4 {
[%clk 0:20] } Rc8 { [%clk 0:00.39] } 44. Rb1 { [%clk 0:19.44] } Qc5 { [%clk
0:00.37] } 45. Qxc5 { [%clk 0:14.35] } Rxc5 { [%clk 0:01.06] } 46. d6 { [%clk
0:14.59] } Rc2 { [%clk 0:00.37] } 47. Rd1 { [%clk 0:15.17] } Nd7 { [%clk
0:00.44] } 48. Bf1 { [%clk 0:15.17] } Rc5 { [%clk 0:00.39] } 49. h4 { [%clk
0:14.59] } Kf8 { [%clk 0:00.42] } 50. Bh3 { [%clk 0:14.57] } f5 { [%clk
0:01.08] } 51. Re1 { [%clk 0:10.30] } Ne5 { [%clk 0:00.42] } 52. Bg2 { [%clk
0:10.46] } Nf7 { [%clk 0:00.36] } 53. d7 { [%clk 0:07.52] } Kg7 { [%clk
0:00.47] } 54. Rd1 { [%clk 0:06.17] } Nd8 { [%clk 0:01.03] } 55. Bf3 { [%clk
0:06.15] } Kf7 { [%clk 0:00.39] } 56. Rd6 { [%clk 0:06.36] } Rc7 { [%clk
0:00.37] } 57. h5 { [%clk 0:06.42] } gxh5 { [%clk 0:00.36] } 58. Bxh5+ { [%clk
0:06.34] } Ke7 { [%clk 0:00.44] } 59. Rxh6 { [%clk 0:06.46] } Rxd7 { [%clk
0:00.52] } 60. Rh7+ { [%clk 0:06.40] } Ke6 { [%clk 0:01.39] } 61. Rxd7 { [%clk
0:07.15] } Kxd7 { [%clk 0:01.39] } 62. Kg2 { [%clk 0:07.12] } Ke6 { [%clk
0:01.39] } 63. Kf3 { [%clk 0:06.49] } Kf6 { [%clk 0:01.48] } 64. Be8 { [%clk
0:06.07] } Ne6 { [%clk 0:01.20] } 65. Ba4 { [%clk 0:05.53] } Nf8 { [%clk
0:00.46] } 66. Ke3 { [%clk 0:04.46] } Ng6 { [%clk 0:00.43] } 67. f3 { [%clk
0:02.15] } Nf8 { [%clk 0:01.07] } 68. Kf2 { [%clk 0:02.18] } Ng6 { [%clk
0:00.51] } 69. Bb3 { [%clk 0:02.39] } Nf8 { [%clk 0:00.59] } 70. Kg2 { [%clk
0:02.52] } Ng6 { [%clk 0:00.50] } 71. Kh3 { [%clk 0:03.30] } Nf8 { [%clk
0:00.32] } 72. Kh4 { [%clk 0:03.30] } Ng6+ { [%clk 0:00.50] } 73. Kh5 { [%clk
0:03.45] } Ne5 { [%clk 0:00.48] } 74. Bd5 { [%clk 0:03.56] } Ng6 { [%clk
0:00.47] } 75. Kh6 { [%clk 0:03.57] } Ne5 { [%clk 0:00.52] } 76. Bb7 { [%clk
0:03.54

[Event "II Torneo Internacional Femenino Gran Hotel Bali "
[Site "Benidorm (Alicante - SPAIN)"]
[Date "2011.12.09"]
[Round "7"]
[Board "1"]
[White "Maisuradze, Nino"]
[Black "Savina, Anastasia"]
[Result "1/2-1/2"]
[WhiteElo "2315"]
[BlackElo "2343"]
[PlyCount "0"]
[EventDate "2011.12.05"]
[EventRounds "9"]
[EventCountry "ESP"]

1. d4 { [%clk 1:30] } d5 { [%clk 1:29] } 2. Nf3 { [%clk 1:30] } Nf6 { [%clk
1:29] } 3. c4 { [%clk 1:29] } e6 { [%clk 1:29] } 4. Nc3 { [%clk 1:28] } c5 {
[%clk 1:25] } 5. cxd5 { [%clk 1:23] } Nxd5 { [%clk 1:26] } 6. e4 { [%clk 1:21]
} Nxc3 { [%clk 1:26] } 7. bxc3 { [%clk 1:22] } cxd4 { [%clk 1:26] } 8. cxd4 {
[%clk 1:22] } Bb4+ { [%clk 1:26] } 9. Bd2 { [%clk 1:22] } Bxd2+ { [%clk 1:26]
} 10. Qxd2 { [%clk 1:22] } O-O { [%clk 1:26] } 11. Bc4 { [%clk 1:18] } Nd7 {
[%clk 1:23] } 12. O-O { [%clk 1:17] } b6 { [%clk 1:22] } 13. Rfe1 { [%clk
1:15] } Bb7 { [%clk 1:18] } 14. Rad1 { [%clk 1:12] } Rc8 { [%clk 1:15] } 15.
Bb3 { [%clk 1:12] } Qf6 { [%clk 1:08] } 16. Qe3 { [%clk 1:09] } Rfd8 { [%clk
1:07] } 17. h3 { [%clk 1:06] } h6 { [%clk 1:05] } 18. Rd2 { [%clk 1:05] } Qe7
{ [%clk 1:03] } 19. Qf4 { [%clk 0:59] } Qf6 { [%clk 0:59] } 20. Qe3 { [%clk
0:58] } Qe7 1/2-1/2

[Event "II Torneo Internacional Femenino Gran Hotel Bali "
[Site "Benidorm (Alicante - SPAIN)"]
[Date "2011.12.09"]
[Round "7"]
[Board "1"]
[White "Guadamuro Torrente, Anabel"]
[Black "Cerrato Torrijos, Maria"]
[Result "1/2-1/2"]
[WhiteElo "2188"]
[BlackElo "2069"]
[PlyCount "0"]
[EventDate "2011.12.05"]
[EventRounds "9"]
[EventCountry "ESP"]

1. e4 { [%clk 1:30] } e6 { [%clk 1:30] } 2. d4 { [%clk 1:30] } d5 { [%clk
1:31] } 3. Nd2 { [%clk 1:31] } Be7 { [%clk 1:31] } 4. Bd3 { [%clk 1:30] } c5 {
[%clk 1:31] } 5. c3 { [%clk 1:31] } cxd4 { [%clk 1:30] } 6. cxd4 { [%clk 1:31]
} dxe4 { [%clk 1:30] } 7. Nxe4 { [%clk 1:31] } Nf6 { [%clk 1:30] } 8. Nf3 {
[%clk 1:30] } O-O { [%clk 1:29] } 9. O-O { [%clk 1:30] } Nbd7 { [%clk 1:27] }
10. Nc3 { [%clk 1:20] } b6 { [%clk 1:25] } 11. Bf4 { [%clk 1:15] } Bb7 { [%clk
1:25] } 12. Bc2 { [%clk 1:14] } Nd5 { [%clk 1:19] } 13. Nxd5 { [%clk 0:50] }
Bxd5 { [%clk 1:19] } 14. Re1 { [%clk 0:44] } Bf6 { [%clk 1:10] } 15. Bd6 {
[%clk 0:36] } Re8 { [%clk 1:09] } 16. Ba4 { [%clk 0:35] } a6 { [%clk 1:09] }
17. Qd3 { [%clk 0:32] } b5 { [%clk 1:06] } 18. Bc2 { [%clk 0:33] } g6 { [%clk
1:06] } 19. Qe3 { [%clk 0:29] } Rc8 { [%clk 1:04] } 20. Bd3 { [%clk 0:28] } Nb6
{ [%clk 1:03] } 21. Be5 { [%clk 0:27] } Nc4 { [%clk 1:01] } 22. Bxc4 { [%clk
0:26] } Rxc4 { [%clk 0:59] } 23. Qf4 { [%clk 0:24] } Bxe5 { [%clk 0:57] } 24.
Nxe5 { [%clk 0:24] } Rc7 { [%clk 0:57] } 25. Ng4 { [%clk 0:22] } f5 { [%clk
0:57] } 26. Nf6+ { [%clk 0:22] } Qxf6 { [%clk 0:57] } 27. Qxc7 { [%clk 0:22] }
f4 { [%clk 0:56] } 28. Qe5 { [%clk 0:17.31] } Qxe5 { [%clk 0:54] } 29. dxe5 {
[%clk 0:17.52] } f3 { [%clk 0:54] } 30. gxf3 { [%clk 0:17.35] } Rf8 { [%clk
0:54] } 31. Re3 { [%clk 0:16.02] } Bxf3 { [%clk 0:54] } 32. Rc1 { [%clk
0:15.36] } Rf5 { [%clk 0:54] } 33. Rc7 { [%clk 0:12.59] } Bd5 { [%clk 0:53] }
34. b3 { [%clk 0:08.23] } Rf4 { [%clk 0:52] } 35. Kf1 { [%clk 0:03.51] } a5 {
[%clk 0:51] } 36. Ra7 { [%clk 0:03.28] } a4 { [%clk 0:51] } 37. Rc3 { [%clk
0:02.17] } axb3 { [%clk 0:51] } 38. axb3 { [%clk 0:02.36] } b4 { [%clk 0:51] }
39. Rc8+ { [%clk 0:02.18] } Rf8 { [%clk 0:52] } 40. Rxf8+ { [%clk 0:00.52] }
Kxf8 { [%clk 0:52] } 41. Ra4 { [%clk 0:00.54] } Bxb3 { [%clk 0:52] } 42. Rxb4
{ [%clk 0:01.19] } Bd5 { [%clk 0:53] } 43. Ke2 { [%clk 0:01.34] } g5 { [%clk
0:53] } 44. Ke3 { [%clk 0:00.39] } Kf7 { [%clk 0:53] } 45. Kd4 { [%clk
0:00.40] } Kg6 { [%clk 0:53] } 46. Kc5 { [%clk 0:01.09] } Kf5 { [%clk 0:53] }
47. Kd6 { [%clk 0:01.35] } h5 { [%clk 0:53] } 48. Rb8 { [%clk 0:00.59] } Kg4 {
[%clk 0:53] } 49. Re8 { [%clk 0:01.00] } Kh3 { [%clk 0:52] } 50. Rxe6 { [%clk
0:46] } Ba2 { [%clk 0:01.13] } 51. Rg6 { [%clk 0:46] } g4 { [%clk 0:00.36] }
52. e6 { [%clk 0:45] } Kxh2 { [%clk 0:00.22] } 53. Rh6 { [%clk 0:45] } Kg2 {
[%clk 0:00.43] } 54. Rxh5 { [%clk 0:46] } Bxe6 { [%clk 0:00.29] } 55. Kxe6 {
[%clk 0:46] } Kxf2 { [%clk 0:00.40] } 56. Kf5 { [%clk 0:46] } g3 { [%clk
0:00.33] } 57. Kf4 { [%clk 0:46] } g2 { [%clk 0:47] } 58. Rh2 { [%clk 0:00.33]
} Kf1 { [%clk 0:47] } 59. Rxg2 1/2-1/2